000 00702nam a22002297a 4500
003 UA-OsUOA
001 93665
007 ta
008 20130124b un ||||| |||| 00| 0 ukr d
100 _aБогдан Т.П.
700 _aБогдан І.В.
090 _a330(477)
_bБ73
942 _cSA
040 _aUA-OsUOA
_bukr
_cUA-OsUOA
_dUA-OsUOA
245 _aСтабілізаційна бюджетно-податкова політика та особливості її застосування
300 _aС.3-17
955 _a0
041 _aukr
080 _a330(477)
773 0 _w93664
_tФінанси України
_dК.
_d2012
_g7
650 7 _a330 Економіка взагалі
_2UDC
999 _c379908
_d379908